000 00212nam a22000977a 4500
041 _aENG
245 _aStorage management Code
260 _aNew Delhi
_bISI
_c1955
650 _aBIS Test Code
856 _uBIS Test Code
999 _c2033
_d2033